| 000 | 01226nam a22002777a 4500 | ||
|---|---|---|---|
| 005 | 20170324104202.0 | ||
| 008 | 140714b xxu||||| |||| 00| 0 Urdu d | ||
| 010 | _aUR-8587 B-548287 B-665932 | ||
| 020 |
_c350.00 _a9789381029428 |
||
| 035 | _aU-7142 B-548287 B-665932 | ||
| 037 | _bBPPD/Publishers/Venders | ||
| 037 | _bDBAD/Pub. | ||
| 037 | _bStar Pub.(Vend.)/Arshia Pub.(Pub.) | ||
| 040 |
_aDPL _bUrdu |
||
| 082 | _a840 | ||
| 100 | _aمنظر ا عجا ز | ||
| 245 |
_aتا ثر ا ت ا ور تجز يے _cمنظر ا عجا ز |
||
| 246 |
_aTaasuraat Aur Tajziye _bby Manzar Aijaz |
||
| 260 |
_bArshia Publictions _bStar Publications.( Vender) _c2014 |
||
| 260 | _a4/5Asaf Ali Road,New Delhi-110002 | ||
| 270 |
_aA-170,Ground Floor, 3,Surya Apartment, Dilshad Colony, _b دھلی _e110095 _k9971775969 |
||
| 300 |
_a208ص _c22Cm(Pb) |
||
| 942 |
_2ddc _cUR _mم ن ظ _h 840 |
||
| 999 |
_c87791 _d87791 |
||